| 000 | 00590 a2200181 4500 | ||
|---|---|---|---|
| 999 |
_c6826 _d6826 |
||
| 020 | _a0385468458 | ||
| 050 | 0 | 0 | _aB 72 COP 1993 |
| 100 | 1 |
_aCopleston, Frederick C. _d1907-1994. |
|
| 245 | 1 | 2 |
_aA history of philosophy Volume 111: _cFrederick Copleston, S.J _blate medieval and renaissance philosophy / |
| 264 |
_aNew York: _bImage Books, _c1993 |
||
| 300 | _a479.: | ||
| 440 | 4 | _aVolume iii | |
| 500 | _aIncludes index | ||
| 504 | _aIncludes bibliographical references and index. | ||
| 650 | 0 |
_aPhilosophy, German _xHistory. |
|
| 650 | 0 | _aPhilosophy, Modern. | |
| 942 |
_2lcc _cBK _h72 _iCOP _kB |
||